The Egyptian campaigns, 1882 to 1885 (Record no. 552892)
[ view plain ]
| 000 -LEADER | |
|---|---|
| fixed length control field | 00529cam a2200157K 4500 |
| 082 04 - DEWEY DECIMAL CLASSIFICATION NUMBER | |
| Classification number | 962.04 |
| Author Mark | ROY |
| 100 1# - MAIN ENTRY--PERSONAL NAME | |
| Personal name | Royle, Charles. |
| 9 (RLIN) | 50162 |
| 245 14 - TITLE STATEMENT | |
| Title | The Egyptian campaigns, 1882 to 1885 |
| 250 ## - EDITION STATEMENT | |
| Edition statement | New and rev. ed., |
| 260 ## - PUBLICATION, DISTRIBUTION, ETC. | |
| Place of publication, distribution, etc. | London, |
| Name of publisher, distributor, etc. | Hurst and Blackett, |
| Date of publication, distribution, etc. | 1900. |
| 300 ## - PHYSICAL DESCRIPTION | |
| Extent | 1 online resource (viii, 606 p., 1 l.) |
| Other physical details | front., fold. maps, plans (1 fold.) |
| 526 ## - STUDY PROGRAM INFORMATION NOTE | |
| Program name | 0 |
| Interest level | 0 |
| Reading level | 0 |
| Title point value | 962_040000000000000_ROY |
| 650 ## - SUBJECT ADDED ENTRY--TOPICAL TERM | |
| Topical term or geographic name entry element | MCE |
| 9 (RLIN) | 379 |
| 856 40 - ELECTRONIC LOCATION AND ACCESS | |
| Uniform Resource Identifier | <a href="http://catalog.hathitrust.org/api/volumes/oclc/3494820.html">http://catalog.hathitrust.org/api/volumes/oclc/3494820.html</a> |
| 942 ## - ADDED ENTRY ELEMENTS (KOHA) | |
| Source of classification or shelving scheme | |
| Koha item type | Book |
| Withdrawn status | Lost status | Source of classification or shelving scheme | Damaged status | Not for loan | Permanent Location | Current Location | Shelving location | Date acquired | Total Checkouts | Full call number | Barcode | Date last seen | Price effective from | Koha item type |
|---|---|---|---|---|---|---|---|---|---|---|---|---|---|---|
| Military College of Engineering (MCE) | Military College of Engineering (MCE) | 01/27/2015 | 962.04 ROY | MCE-ECE/60 | 01/27/2015 | 01/27/2015 | Book |
